000 00534nam a2200205 a 4500
001 1665
003 CO-ViMGA
008 141112s2004 ck r 000 u spa d
020 _a9586333248
040 _aCO-ViMGA
_bspa
_cCO-ViMGA
082 0 4 _a813.7 P63e
100 1 _aPoe, Edgar Allan
_93138
245 1 0 _aEl escarabajo de oro
260 _aSantafé de Bogotá :
_bSantillana,
_c1994
300 _a80p.
490 _aRelato corto aguilar, 1
590 _aEjemplares : 2
650 1 4 _aNOVELA ESTADOUNIDENSE
_9761
942 _2ddc
_cBK
999 _c13842
_d13842